LEADER 03946oam 22005892 450 001 9910266959803321 005 20240103201312.0 010 $a1-316-48895-0 035 $a(CKB)3710000000586632 035 $a(UkCbUP)CR9781316488959 035 $a(oapen)https://directory.doabooks.org/handle/20.500.12854/90807 035 $a(EXLCZ)993710000000586632 100 $a20150623d2015|||| uy 0 101 0 $aeng 135 $aur||||||||||| 181 $ctxt$2rdacontent 182 $cc$2rdamedia 183 $acr$2rdacarrier 200 00$aIndustrial agriculture and ape conservation /$feditors Helga Rainer, Alison White, and Annette Lanjouw 210 1$aCambridge :$cCambridge University Press,$d2015. 215 $a1 online resource (xxvi, 334 pages) $cillustrations (chiefly color), color maps; digital, PDF file(s) 225 1 $aState of the apes ;$v2015 300 $aTitle from publisher's bibliographic system (viewed on 20 Jul 2016). 300 $aOpen Access title. 311 0 $a1-316-50523-5 311 0 $a1-107-13968-6 327 $aNotes to readers; Acknowledgments; Apes overview; Introduction; Part I. Industrial Agriculture and Ape Conservation: 1. Economic development and conservation of biodiversity: understanding the interface of ape conservation and industrial agriculture; 2. Encroaching on ape habitat: deforestation and industrial agriculture in Cameroon, Liberia and on Borneo; 3. From habitat to plantation: causes of conversion in sub-Saharan Africa; 4. Legal frameworks at the interface between industrial agriculture and ape conservation; 5. From process to impact of a voluntary standard: the Roundtable on Sustainable Palm Oil; 6. Impacts of industrial agriculture on ape ecology; Part II. The Status and Welfare of Great Apes and Gibbons: 7. Ape populations over time: case studies from Gombe, Mount Halimun Salak, Sabangau and Wamba; 8. The status of captive apes; Annexes; Acronyms and abbreviations; Glossary; References; Index. 330 $aSocial and economic systems worldwide are changing rapidly. These changes are accompanied by an increasing demand for natural resources, including land, water, minerals, energy sources, food and timber. Today's foremost challenge lies in finding the tools to address the complexity of these interrelated trends, and in implementing strategies to balance environmental and socioeconomic needs. This volume contributes to this search by presenting original research, topical case studies and emerging best practice from a range of key stakeholders to examine the interface between ape conservation and industrial agriculture. In assessing the drivers behind agricultural expansion and land investments, it sheds light on governance challenges and legal frameworks that shape land use. Intended for policy makers, industry experts, decision makers, academics, researchers and NGOs, it is designed to inform debate, practice and policy to help reconcile the goals of industrial agriculture with those of ape conservation and welfare, and social and economic development. 410 0$aState of the apes. 517 3 $aIndustrial Agriculture & Ape Conservation 606 $aApes$xConservation 606 $aAgriculture$xEnvironmental aspects 606 $aApes$xEffect of human beings on 610 $aprimatology 610 $aprimate welfare 610 $aprimate conservation 610 $aconservation biology 610 $aconservation policy 615 0$aApes$xConservation. 615 0$aAgriculture$xEnvironmental aspects. 615 0$aApes$xEffect of human beings on. 676 $a599.88 702 $aRainer$b Helga 702 $aWhite$b Alison$g(Alison R. T.), 702 $aLanjouw$b Annette 712 02$aArcus Foundation. 801 0$bUkCbUP 801 1$bUkCbUP 906 $aBOOK 912 $a9910266959803321 996 $aIndustrial agriculture and ape conservation$91984509 997 $aUNINA LEADER 04841nam 22010095 450 001 9910783156203321 005 20230617034800.0 010 $a1-282-35961-4 010 $a1-59734-932-1 010 $a9786612359613 010 $a9781417525533 010 $a0-520-93689-2 024 7 $a10.1525/9780520936898 035 $a(CKB)1000000000007795 035 $a(EBL)223909 035 $a(OCoLC)475929268 035 $a(SSID)ssj0000255536 035 $a(PQKBManifestationID)11208373 035 $a(PQKBTitleCode)TC0000255536 035 $a(PQKBWorkID)10213672 035 $a(PQKB)11066479 035 $a(StDuBDS)EDZ0000084774 035 $a(MiAaPQ)EBC223909 035 $a(MdBmJHUP)muse30748 035 $a(DE-B1597)520527 035 $a(OCoLC)56028449 035 $a(DE-B1597)9780520936898 035 $a(EXLCZ)991000000000007795 100 $a20200424h20032003 fg 0 101 0 $aeng 135 $aurnn#---|u||u 181 $ctxt 182 $cc 183 $acr 200 10$aTantra $eSex, Secrecy, Politics, and Power in the Study of Religion /$fHugh B. Urban 210 1$aBerkeley, CA :$cUniversity of California Press,$d[2003] 210 4$d©2003 215 $a1 online resource (390 p.) 300 $aDescription based upon print version of record. 311 0 $a0-520-23062-0 311 0 $a0-520-23656-4 320 $aIncludes bibliographical references (p. 337-366) and index. 327 $tFront matter --$tContents --$tIllustrations --$tPreface and Acknowledgments --$tAbbreviations --$tIntroduction: Diagnosing the "Disease" of Tantra --$t1. The Golden Age of the Vedas and the Dark Age of Kàlí: Tantrism, Orientalism, and the Bengal Renaissance --$t2. Sacrificing White Goats to the Goddess: Tantra and Political Violence in Colonial India --$t3. India's Darkest Heart: Tantra in the Literary Imagination --$t4. Deodorized Tantra: Sex, Scandal, Secrecy, and Censorship in the Works of John Woodroffe and Swami Vivekananda --$t5. Religion for the Age of Darkness: Tantra and the History of Religions in the Twentieth Century --$t6. The Cult of Ecstasy: Meldings of East and West in a New Age of Tantra --$tConclusion --$tNotes --$tBibliography --$tIndex 330 $aA complex body of religious practices that spread throughout the Hindu, Buddhist, and Jain traditions; a form of spirituality that seemingly combines sexuality, sensual pleasure, and the full range of physical experience with the religious life-Tantra has held a central yet conflicted role within the Western imagination ever since the first "discovery" of Indian religions by European scholars. Always radical, always extremely Other, Tantra has proven a key factor in the imagining of India. This book offers a critical account of how the phenomenon has come to be. Tracing the complex genealogy of Tantra as a category within the history of religions, Hugh B. Urban reveals how it has been formed through the interplay of popular and scholarly imaginations. Tantra emerges as a product of mirroring and misrepresentation at work between East and West--a dialectical category born out of the ongoing play between Western and Indian minds. Combining historical detail, textual analysis, popular cultural phenomena, and critical theory, this book shows Tantra as a shifting amalgam of fantasies, fears, and wish-fulfillment, at once native and Other, that strikes at the very heart of our constructions of the exotic Orient and the contemporary West. 606 $aTantric Buddhism 606 $aTantrism 610 $aanthropology. 610 $abuddhism. 610 $abuddhist tradition. 610 $acomparative religion. 610 $acontemporary religion. 610 $acritical theory. 610 $acultural phenomena. 610 $aeast and west. 610 $aeastern philosophy. 610 $aeuropean scholars. 610 $afaith and spirituality. 610 $ahinduism. 610 $aindia. 610 $aindian religions. 610 $ajainism. 610 $anonfiction. 610 $aphysical experiences. 610 $apolitical power. 610 $areligious lives. 610 $areligious practices. 610 $areligious secrecy. 610 $areligious studies. 610 $asensuality. 610 $asex. 610 $asexual politics. 610 $asexuality. 610 $atantra. 610 $awestern thought. 610 $awestern world. 610 $aworld religions. 615 0$aTantric Buddhism. 615 0$aTantrism. 676 $a294 676 $a294.5/514 700 $aUrban$b Hugh B.$4aut$4http://id.loc.gov/vocabulary/relators/aut$01472765 801 0$bDE-B1597 801 1$bDE-B1597 906 $aBOOK 912 $a9910783156203321 996 $aTantra$93699663 997 $aUNINA